00499nam a22001817a 450000500170000000800410001702000180005804000210007604100080009708200130010510000260011824500610014425000120020526000340021730000100025165000250026170000310028620260515114917.0220518b ||||| |||| 00| 0 eng d a9789385439742 aIN-DiNCcIN-DiNC dasm a370bSAI aSaikia, Taruneauthor aLinga aru shikshacby Tarun Saikia and Runu Borah Saikia a2nd ed. aJorhat:bBidya Bhawan,c2022. a356p. aGender and Education aSaikia, Runu Boraheauthor